00266nam a2200109Ia 4500008004100000082000900041100001500050245002400065260001900089630002400108730002400132100328s9999 xx 000 0 und d b1992 aGauba K.L. aFamous And Historic bThe Lion Press aFamous And Historic aFamous And Historic